Medical sciences / (Record no. 117099)

MARC details
000 -LEADER
fixed length control field 00772cam a22002531 4500
008 - FIXED-LENGTH DATA ELEMENTS--GENERAL INFORMATION
fixed length control field
020 ## - INTERNATIONAL STANDARD BOOK NUMBER
International Standard Book Number 9780702026799 (pbk.)
049 ## - LOCAL HOLDINGS (OCLC)
Holding library MAIN
090 ## - LOCALLY ASSIGNED LC-TYPE CALL NUMBER (OCLC); LOCAL CALL NUMBER (RLIN)
Classification number (OCLC) (R) ; Classification number, CALL (RLIN) (NR) RC91
Local cutter number (OCLC) ; Book number/undivided call number, CALL (RLIN) MED
003 - CONTROL NUMBER IDENTIFIER
control field
005 - DATE AND TIME OF LATEST TRANSACTION
control field 20230120204110.0
040 ## - CATALOGING SOURCE
Transcribing agency NUST
245 10 - TITLE STATEMENT
Title Medical sciences /
Statement of responsibility, etc. edited by Jennette Naish, Patricia Revest and Denise Syndercombe Court
260 ## - PUBLICATION, DISTRIBUTION, ETC.
Place of publication, distribution, etc. New York :
Name of publisher, distributor, etc. McGraw-Hill,
Date of publication, distribution, etc. 2009
300 ## - PHYSICAL DESCRIPTION
Extent vi, 895 p. :
Other physical details ill. ;
Dimensions 28 cm.
500 ## - GENERAL NOTE
General note Includes index.
504 ## - BIBLIOGRAPHY, ETC. NOTE
Bibliography, etc. note Includes bibliographical references.
650 #0 - SUBJECT ADDED ENTRY--TOPICAL TERM
Topical term or geographic name entry element Radiology, Medical.
700 ## - ADDED ENTRY--PERSONAL NAME
Personal name Naish, Jeannette.
700 ## - ADDED ENTRY--PERSONAL NAME
Personal name Court, Denise Syndercombe.
700 ## - ADDED ENTRY--PERSONAL NAME
Personal name Revest, Patricia.
907 ## - LOCAL DATA ELEMENT G, LDG (RLIN)
a .b10283134
b 26-11-14
c 13-09-10
942 ## - ADDED ENTRY ELEMENTS (KOHA)
Koha item type Ordinary Loan Books
Call number prefix RC91
Call number suffix MED
Holdings
Date last seen Total Checkouts Full call number Barcode Accession number Cost, replacement price Price effective from Koha item type Public note Lost status Source of classification or shelving scheme Damaged status Not for loan Collection Withdrawn status Home library Current library Shelving location Date acquired Source of acquisition Cost, normal purchase price
01/20/2023 1 RC91 MED 92004031151 16170 30.00 01/20/2023 BOOKS Donation   LCC     NFIC   Medical Medical GEN 01/20/2023 Book Aid International 30.00